[Event "Superettan(Vaxjo-Orebro)"]
[Site "?"]
[Date "2015.03.22"]
[Round "9"]
[White "Gruvaeus, Curt"]
[Black "Bromann, Thorbjorn"]
[Result "1/2-1/2"]
[WhiteElo "2274"]
[BlackElo "2455"]
[PlyCount "246"]

1. d4 c5 2. Nf3 cxd4 3. Nxd4 g6 4. c4 Bg7 5. Nc3 Nc6 6. Nc2 b6 7. Qd2 Nf6 8. g3
h5 9. Bg2 h4 10. b3 Bb7 11. Bb2 Na5 12. Bxb7 Nxb7 13. O-O-O d6 14. f3 Rc8 15.
Kb1 Kf8 16. g4 Nc5 17. e4 Qe8 18. Qe2 a6 19. Rhf1 Qc6 20. g5 Nh5 21. f4 Bxc3
22. Bxc3 Rh7 23. Rde1 b5 24. f5 Kg8 25. Bb2 Qd7 26. cxb5 Qxb5 27. Qxb5 axb5 28.
Nb4 e6 29. f6 Rh8 30. Re3 Kh7 31. Nd3 Rhd8 32. Nf4 e5 33. Nd5 Ne6 34. Rg1 Rc5
35. Rh3 Nef4 36. Nxf4 exf4 37. Rxh4 Re8 38. Ba3 Rc6 39. Rd1 Rxe4 40. Bxd6 Rc8
41. Rf1 Rd8 42. Ba3 Rd5 43. Rg4 Rd2 44. Rh4 Rg2 45. Bc1 Rxg5 46. Rfxf4 Rxf4 47.
Bxf4 Rf5 48. Bb8 Rxf6 49. Rb4 Rf5 50. a4 bxa4 51. bxa4 Ra5 52. Bc7 Ra7 53. Bb6
Ra8 54. a5 Nf6 55. Rf4 Nd5 56. Rxf7+ Kh6 57. Rd7 Nb4 58. Kb2 Kg5 59. Kb3 Nc6
60. Ka4 Rh8 61. Bc7 Kg4 62. Kb5 Nxa5 63. Kxa5 g5 64. Kb5 Kh3 65. Kc5 g4 66. Kd4
Re8 67. Be5 Re6 68. Ke4 Rh6 69. Rd3+ Kg2 70. Re3 Rg6 71. Rg3+ Kxh2 72. Kf5 Rg8
73. Rxg4+ Kh1 74. Rh4+ Kg2 75. Ke4 Kf2 76. Rh2+ Rg2 77. Bd4+ Kg3 78. Rh8 Ra2
79. Rg8+ Kh4 80. Kf5 Kh3 81. Be5 Ra4 82. Rg3+ Kh4 83. Rg2 Ra3 84. Bf4 Ra5+ 85.
Ke4 Kh3 86. Rg1 Kh4 87. Be5 Ra4+ 88. Kf5 Ra3 89. Rg8 Kh3 90. Rh8+ Kg2 91. Rh2+
Kf1 92. Ke4 Ke1 93. Bd4 Ra8 94. Be3 Kd1 95. Rh1+ Ke2 96. Rh2+ Kd1 97. Kf3 Rd8
98. Rh1+ Kc2 99. Ke2 Re8 100. Rc1+ Kb2 101. Rc7 Rd8 102. Rc4 Kb3 103. Rc7 Kb4
104. Kf3 Re8 105. Bd4 Kb5 106. Kf4 Kb4 107. Be5 Kb3 108. Ke4 Kb4 109. Kd5 Kb3
110. Rc3+ Kb4 111. Rh3 Rg8 112. Bd6+ Kb5 113. Rc3 Rg5+ 114. Be5 Kb4 115. Rc1
Kb3 116. Kd4 Rh5 117. Rc3+ Kb4 118. Rg3 Rh1 119. Kd5 Rh5 120. Rg8 Kb3 121. Rg2
Ka3 122. Re2 Kb3 123. Rb2+ Ka3 1/2-1/2

[Event "Superettan(Vaxjo-Orebro)"]
[Site "?"]
[Date "2015.03.22"]
[Round "9"]
[White "Aabling-Thomsen, Jakob"]
[Black "Zetterberg, Staffan"]
[Result "1-0"]
[WhiteElo "2329"]
[BlackElo "2186"]
[PlyCount "67"]

1. e4 Nf6 2. e5 Nd5 3. d4 d6 4. Nf3 Bg4 5. Be2 e6 6. O-O Be7 7. c4 Nb6 8. exd6
cxd6 9. b3 O-O 10. Bb2 d5 11. c5 Nc8 12. b4 Bf6 13. Nbd2 Ne7 14. h3 Bxf3 15.
Nxf3 Nf5 16. Qd2 g6 17. b5 Bg7 18. a4 Nd7 19. a5 Nf6 20. Bd3 Ne4 21. Qc2 Ng5
22. Ne5 Bxe5 23. dxe5 Nf3+ 24. gxf3 Qg5+ 25. Kh1 Qh4 26. Bxf5 gxf5 27. Rg1+ Kh8
28. Kh2 Rg8 29. Qd2 Rg6 30. Rxg6 hxg6 31. Rg1 Kg7 32. f4 Rh8 33. Rg3 Kf8 34.
Qe3 1-0

[Event "Superettan(Vaxjo-Orebro)"]
[Site "?"]
[Date "2015.03.22"]
[Round "9"]
[White "Drugge, Patrick"]
[Black "Rydstrom, Tom"]
[Result "0-1"]
[WhiteElo "2178"]
[BlackElo "2292"]
[PlyCount "118"]

1. e4 e5 2. Nf3 Nc6 3. Bc4 Bc5 4. c3 Nf6 5. d3 O-O 6. Nbd2 d5 7. Bb3 h6 8. Qe2
Re8 9. h3 Be6 10. g4 dxe4 11. dxe4 Bxb3 12. Nxb3 Be7 13. g5 hxg5 14. Nxg5 Qd6
15. h4 Rad8 16. Rh3 g6 17. Qf3 Rf8 18. Rg3 Nh5 19. Rg1 Qf6 20. Qxf6 Bxf6 21.
Ke2 Kg7 22. Be3 Rh8 23. Nc5 b6 24. Nd3 Rd7 25. Rad1 Be7 26. Nf3 Nf6 27. Nfxe5
Nxe5 28. Nxe5 Rxd1 29. Rxd1 Rxh4 30. f3 Rh2+ 31. Bf2 Nh5 32. Ng4 Rh3 33. Be3 f5
34. Nf2 Ng3+ 35. Ke1 Rh7 36. Bf4 Nh5 37. Bxc7 Kf6 38. Rd5 Ke6 39. Ke2 Bc5 40.
Bh2 Nf6 41. Re5+ Kd7 42. Bg1 Kd6 43. f4 Bxf2 44. Bxf2 Nxe4 45. Bd4 Rh2+ 46. Kd3
Rxb2 47. Re8 Rxa2 48. Rg8 Rg2 49. Ra8 Rg4 50. Be5+ Kd5 51. Rxa7 g5 52. c4+ Ke6
53. Kd4 gxf4 54. Ra6 f3 55. Rxb6+ Kf7 56. Rb7+ Ke6 57. Rb6+ Kd7 58. Rb7+ Kc6
59. Rc7+ Kb6 0-1

[Event "Superettan(Vaxjo-Orebro)"]
[Site "?"]
[Date "2015.03.22"]
[Round "9"]
[White "Lekander, Rolf"]
[Black "Nygren, Kim"]
[Result "1/2-1/2"]
[WhiteElo "2237"]
[BlackElo "2206"]
[PlyCount "99"]

1. c4 Nf6 2. g3 h5 3. Nf3 d5 4. cxd5 Nxd5 5. Nc3 Nc6 6. Bg2 Nb6 7. d3 e5 8. Be3
Be7 9. h4 Be6 10. Ng5 Bxg5 11. Bxg5 f6 12. Be3 Nd5 13. Bd2 Nxc3 14. bxc3 Bd5
15. e4 Be6 16. Be3 Bg4 17. f3 Be6 18. d4 Bc4 19. Bh3 Qe7 20. d5 Nd8 21. Qd2 b5
22. a4 O-O 23. axb5 Nb7 24. Kf2 Nd6 25. Be6+ Kh8 26. Kg2 f5 27. Bg5 Qe8 28.
exf5 Nxf5 29. Rhe1 Bxb5 30. Rxe5 Nd6 31. Qd4 Qg6 32. Bd2 Nf5 33. Bxf5 Rxf5 34.
Rxf5 Qxf5 35. Qe4 Qf8 36. Re1 Re8 37. Qg6 Rxe1 38. Qxh5+ Kg8 39. Bxe1 Qc5 40.
Qg4 Qxd5 41. Qc8+ Kh7 42. Qxc7 Qd3 43. Qe5 Qf1+ 44. Kh2 Be2 45. Qh5+ Kg8 46.
Qd5+ Kh8 47. Qh5+ Kg8 48. Qe8+ Kh7 49. Qe4+ Kh8 50. Qe8+ 1/2-1/2

[Event "Superettan(Vaxjo-Orebro)"]
[Site "?"]
[Date "2015.03.22"]
[Round "9"]
[White "Blomstrom, Lars"]
[Black "Olofsson-Dolk, Mattis"]
[Result "0-1"]
[WhiteElo "2126"]
[BlackElo "2239"]
[PlyCount "58"]
[EventDate "2015.??.??"]

1. e4 c5 2. Nc3 a6 3. g3 b5 4. Bg2 Bb7 5. d3 e6 6. f4 d5 7. e5 h5 8. Nf3 Nh6 9.
O-O Nc6 10. Ne2 Nf5 11. c3 d4 12. h3 Qb6 13. cxd4 Ncxd4 14. Nexd4 cxd4 15. Kh2
Be7 16. Re1 O-O 17. g4 hxg4 18. hxg4 Nh4 19. Nxh4 Bxh4 20. Bxb7 Qxb7 21. Re4
Be7 22. f5 f6 23. exf6 Rxf6 24. Bg5 Bd6+ 25. Kg1 exf5 26. gxf5 Rxf5 27. Qb3+
Qf7 28. Bh4 Rc8 29. Re6 Bf4 0-1

[Event "Superettan(Vaxjo-Orebro)"]
[Site "?"]
[Date "2015.03.22"]
[Round "9"]
[White "Gutzmann, Tobias"]
[Black "Jonsson, Krister"]
[Result "1-0"]
[WhiteElo "2080"]
[BlackElo "2071"]
[PlyCount "117"]

1. d4 d5 2. c4 c6 3. cxd5 cxd5 4. Nc3 Nf6 5. Bf4 g6 6. e3 Bg7 7. Bxb8 Rxb8 8.
Qa4+ Bd7 9. Qxa7 O-O 10. Qa3 Ra8 11. Qb4 Bc6 12. Nf3 Nd7 13. Be2 e5 14. O-O e4
15. Nd2 Qg5 16. Bb5 Rfc8 17. Bxc6 bxc6 18. Qd6 Ra7 19. Rac1 Bf8 20. Qg3 Qxg3
21. hxg3 Rb8 22. Rc2 Bb4 23. Ndb1 Kf8 24. b3 Bxc3 25. Nxc3 Ke7 26. Na4 Kd6 27.
Rfc1 Ra6 28. f3 f5 29. fxe4 dxe4 30. Nc5 Nxc5 31. Rxc5 h5 32. R1c2 Rb5 33. R5c4
Rbb6 34. Kh2 Ra3 35. Kh3 Rba6 36. Kh4 Rxa2 37. Kg5 Rxc2 38. Rxc2 Rb6 39. Rc3
Kd5 40. Kh6 h4 41. gxh4 f4 42. Rc5+ Kd6 43. exf4 Rxb3 44. Kxg6 Rg3+ 45. Kf5 e3
46. Re5 Rxg2 47. Rxe3 Kd5 48. Rc3 Rh2 49. Rc5+ Kxd4 50. Rxc6 Rxh4 51. Re6 Kd5
52. Re1 Kd6 53. Kg5 Rh2 54. f5 Kd7 55. Kg6 Rf2 56. f6 Kd6 57. Kg7 Rg2+ 58. Kf8
Ra2 59. f7 1-0

[Event "Superettan(Vaxjo-Orebro)"]
[Site "?"]
[Date "2015.03.22"]
[Round "9"]
[White "Linden, Anders"]
[Black "Sevastianov, Andrii"]
[Result "0-1"]
[WhiteElo "1755"]
[BlackElo "2125"]
[PlyCount "46"]

1. e4 e5 2. Nf3 Nc6 3. d4 exd4 4. Bc4 Bc5 5. c3 Nf6 6. e5 Ne4 7. Bd5 Nxf2 8.
Kxf2 dxc3+ 9. Ke1 cxb2 10. Bxb2 O-O 11. Nc3 d6 12. Ne4 Bb4+ 13. Kf1 Nxe5 14.
Bxe5 dxe5 15. Nxe5 Qe7 16. Nxf7 Rxf7+ 17. Bxf7+ Qxf7+ 18. Qf3 Bf5 19. Nf2 Rf8
20. a3 Bc5 21. Ke2 Qc4+ 22. Ke1 Re8+ 23. Kd1 Qc2# 0-1

[Event "Superettan(Vaxjo-Orebro)"]
[Site "?"]
[Date "2015.03.22"]
[Round "9"]
[White "Moren, Bjorn"]
[Black "Sparv, Joakim"]
[Result "0-1"]
[WhiteElo "2086"]
[BlackElo "1983"]
[PlyCount "70"]

1. e4 b6 2. d4 Bb7 3. Bd3 e6 4. Nf3 c5 5. c3 Nf6 6. Nbd2 Nc6 7. O-O Be7 8. Re1
O-O 9. e5 Nd5 10. Ne4 f5 11. exf6 Nxf6 12. Qe2 cxd4 13. Nfg5 Nxe4 14. Qxe4 Rf5
15. Nxe6 dxe6 16. Qxe6+ Rf7 17. Bc4 Qf8 18. Qd7 Qc8 19. Bxf7+ Kxf7 20. Qd5+ Kf8
21. Re4 Qd8 22. Qe6 Qd6 23. Rf4+ Ke8 24. Qf5 Bf6 25. Bd2 Kf8 26. Re1 Re8 27.
Rxe8+ Kxe8 28. cxd4 Nxd4 29. Qh5+ Kd8 30. Be3 Qc6 31. Rxd4+ Bxd4 32. Qg4 Bxe3
33. fxe3 Qc1+ 34. Kf2 Qd2+ 35. Kg3 Qxg2+ 0-1

[Event "Superettan(Burgsvik-Kamraterna)"]
[Site "?"]
[Date "2015.03.22"]
[Round "9"]
[White "Fries Nielsen, Jens Ove"]
[Black "Svenn, Gosta"]
[Result "1-0"]
[WhiteElo "2457"]
[BlackElo "2297"]
[PlyCount "61"]

1. d4 e6 2. Nc3 Nf6 3. a3 c5 4. d5 d6 5. e4 e5 6. Be2 Be7 7. g4 a6 8. g5 Nfd7
9. h4 b5 10. b4 cxb4 11. axb4 Nb6 12. Nf3 Qc7 13. Ra3 N8d7 14. Be3 Bb7 15. Nd2
Rc8 16. Rg1 Nf8 17. h5 Bd8 18. Qa1 Qe7 19. Nxb5 axb5 20. Bxb5+ Nfd7 21. Ra7 Rb8
22. Bc6 Bc8 23. c4 O-O 24. c5 f5 25. exf5 Rxf5 26. h6 Qf7 27. Qa5 e4 28. cxb6
Qe8 29. Qa1 Qe5 30. Qxe5 Nxe5 31. Rxg7+ 1-0

[Event "Superettan(Burgsvik-Kamraterna)"]
[Site "?"]
[Date "2015.03.22"]
[Round "9"]
[White "Andreasson, Ingvar"]
[Black "Zadruzny, Nicolaj"]
[Result "1-0"]
[WhiteElo "2342"]
[BlackElo "2224"]
[PlyCount "95"]

1. Nf3 c5 2. e4 Nc6 3. Bb5 d6 4. O-O Bd7 5. Re1 Nf6 6. c3 a6 7. Bf1 Bg4 8. h3
Bh5 9. d3 e5 10. Bg5 Be7 11. Nbd2 h6 12. Bxf6 Bxf6 13. Nc4 g5 14. Be2 Bg6 15.
a4 Rb8 16. a5 O-O 17. Qa4 Bg7 18. g4 d5 19. Nb6 d4 20. Qa3 Qd6 21. Nd2 Rfd8 22.
Ndc4 Qe7 23. Qa2 Bf8 24. Qb1 f6 25. Nd5 Qe6 26. Ncb6 Bf7 27. Bd1 Kg7 28. Bb3
Bd6 29. Bc4 Qe8 30. Qd1 Be6 31. Qf3 Qf7 32. h4 gxh4 33. Kh2 Qg6 34. Ne3 dxe3
35. Bxe6 exf2 36. Qxf2 Ne7 37. Rf1 Qg5 38. Nd5 Nxd5 39. Bxd5 Rh8 40. Qe2 b5 41.
Rf5 Qg6 42. Raf1 Be7 43. Kh1 Rhd8 44. Qf2 Rd7 45. Qxh4 Rd6 46. Rxe5 fxe5 47.
Qxe7+ Kh8 48. Qxe5+ 1-0

[Event "Superettan(Burgsvik-Kamraterna)"]
[Site "?"]
[Date "2015.03.22"]
[Round "9"]
[White "Andersson, Tommy"]
[Black "Hamark, Jesper"]
[Result "1-0"]
[WhiteElo "2374"]
[BlackElo "2334"]
[PlyCount "87"]

1. d4 d6 2. Nf3 g6 3. g3 Bg7 4. Bg2 Nd7 5. O-O e5 6. e4 Ngf6 7. Re1 O-O 8. Nc3
a6 9. a4 exd4 10. Nxd4 Re8 11. h3 Rb8 12. Bg5 h6 13. Be3 Ne5 14. Qe2 Bd7 15.
Rad1 Qc8 16. f4 Nc6 17. Kh2 Re7 18. Qd2 Qf8 19. e5 Nxe5 20. fxe5 Rxe5 21. Bf3
Qc8 22. Qg2 Qe8 23. Bf2 c6 24. Nb3 d5 25. Rxe5 Qxe5 26. Bd4 Qd6 27. Re1 Re8 28.
Rxe8+ Bxe8 29. Qe2 Bd7 30. Kg2 h5 31. Qe5 Qf8 32. Qf4 Qe7 33. Nd1 Bf5 34. Ne3
Bc8 35. Kh2 Kh7 36. Bg2 b6 37. Bxb6 Bh6 38. Qf2 h4 39. g4 Kg8 40. Bd4 Ne4 41.
Bxe4 Qxe4 42. Ng2 Bg5 43. Nc5 Qe7 44. Qe1 1-0

[Event "Superettan(Burgsvik-Kamraterna)"]
[Site "?"]
[Date "2015.03.22"]
[Round "9"]
[White "Mohammadi, Amir"]
[Black "Linusson, Pelle"]
[Result "1-0"]
[WhiteElo "2253"]
[BlackElo "2212"]
[PlyCount "47"]

1. e4 e5 2. d4 exd4 3. Qxd4 Nc6 4. Qe3 Nf6 5. Bd2 Bb4 6. Bc4 O-O 7. Ne2 Qe7 8.
Nbc3 Ne5 9. Bb3 Bc5 10. Qg3 d6 11. Bg5 c6 12. O-O-O b5 13. Nf4 Neg4 14. Rhf1
Qe5 15. Bxf6 Nxf6 16. Rfe1 a5 17. a4 b4 18. Nb1 Ba6 19. Nd2 Rad8 20. Nf3 Qe7
21. Nh4 Bc8 22. Nhg6 hxg6 23. Nxg6 Qa7 24. Qh4 1-0

[Event "Superettan(Burgsvik-Kamraterna)"]
[Site "?"]
[Date "2015.03.22"]
[Round "9"]
[White "Krupenski, Juri"]
[Black "Andersson, Michael"]
[Result "1-0"]
[WhiteElo "2259"]
[BlackElo "2115"]
[PlyCount "73"]

1. d4 g6 2. e4 Bg7 3. Nf3 c5 4. d5 d6 5. Bb5+ Nd7 6. a4 a6 7. Be2 Ngf6 8. Nc3
O-O 9. O-O Rb8 10. Re1 Ne8 11. Bf4 Nc7 12. Qd2 b5 13. Bh6 bxa4 14. Bxg7 Kxg7
15. Nxa4 f6 16. c4 Ne5 17. Qc2 Nxf3+ 18. Bxf3 Rb4 19. b3 Bd7 20. Nb2 Qb8 21.
Bd1 Rb6 22. Nd3 e5 23. Qc3 Rc8 24. Bc2 Ne8 25. Rf1 Qc7 26. f4 Bg4 27. Qe1 Qe7
28. h3 Bd7 29. Ra5 Rc7 30. Qe3 Rcb7 31. Raa1 Bc8 32. Rf2 Rb8 33. Raf1 R6b7 34.
Qg3 a5 35. h4 Qd7 36. fxe5 dxe5 37. Nxc5 1-0

[Event "Superettan(Burgsvik-Kamraterna)"]
[Site "?"]
[Date "2015.03.22"]
[Round "9"]
[White "Axelsson, Uno"]
[Black "Andersson, Bjorn"]
[Result "0-1"]
[WhiteElo "2194"]
[BlackElo "2223"]
[PlyCount "108"]

1. d4 c5 2. d5 Nf6 3. c4 g6 4. Nc3 Bg7 5. e4 d6 6. Nge2 Na6 7. h3 O-O 8. Ng3
Nc7 9. Be2 a6 10. a4 Bd7 11. Be3 b5 12. Qd2 Rb8 13. axb5 axb5 14. O-O bxc4 15.
Bxc4 Bb5 16. b3 Nd7 17. Rac1 Ne5 18. Qe2 Bxc4 19. bxc4 Rb3 20. Qa2 Rb4 21. Rb1
Nxc4 22. Rxb4 Nxe3 23. Rb3 Nxf1 24. Nxf1 Bxc3 25. Rxc3 Nb5 26. Rb3 Nd4 27. Rb7
e6 28. dxe6 Nxe6 29. Ne3 Qg5 30. Qa1 h5 31. Nd5 Nd4 32. Kh1 Re8 33. f3 h4 34.
Qc3 Ra8 35. Qb2 Qg3 36. Rb8+ Rxb8 37. Qxb8+ Kg7 38. Qb2 Qe1+ 39. Kh2 Qe2 40.
Qc3 g5 41. Ne3 Kg6 42. Ng4 Qd1 43. Ne3 Qg1+ 44. Kxg1 Ne2+ 45. Kf2 Nxc3 46. Nc4
Nb5 47. Ke3 Kf6 48. Kd3 Ke6 49. Ne3 Nd4 50. Ng4 Nc6 51. Ne3 Ne5+ 52. Kc3 Ng6
53. Kc4 Nf4 54. Kc3 d5 0-1

[Event "Superettan(Burgsvik-Kamraterna)"]
[Site "?"]
[Date "2015.03.22"]
[Round "9"]
[White "Larsson, Victor"]
[Black "Borvander, Tom"]
[Result "1-0"]
[WhiteElo "2134"]
[BlackElo "2167"]
[PlyCount "83"]

1. d4 Nf6 2. c4 g6 3. Nc3 Bg7 4. e4 d6 5. Nf3 O-O 6. Be2 e5 7. O-O Nc6 8. d5
Ne7 9. b4 Nh5 10. g3 f5 11. Ng5 Nf6 12. Bf3 Rb8 13. b5 h6 14. Ne6 Bxe6 15. dxe6
fxe4 16. Nxe4 Nxe4 17. Bxe4 Qc8 18. Be3 Qxe6 19. Qc1 Kh7 20. Bxa7 Ra8 21. Be3
Ra4 22. Bxb7 e4 23. Rb1 Rxc4 24. Qa3 Nf5 25. Qb3 Rb8 26. Rbc1 Rxb7 27. Qxc4 Qe5
28. Bf4 Qe7 29. Qc6 Ra7 30. Rfe1 Rxa2 31. Qxe4 Qf6 32. Rxc7 Qb2 33. Rf1 Qxb5
34. Qe6 Re2 35. Qf7 Qb2 36. Rc8 Ne7 37. Re8 Qf6 38. Qxf6 Bxf6 39. Bxd6 Kg7 40.
Bxe7 Bxe7 41. Rc1 Kf7 42. Ra8 1-0

[Event "Superettan(Rockaden,Umea-Upsala)"]
[Site "?"]
[Date "2015.03.22"]
[Round "9"]
[White "Johansson, Jan"]
[Black "Petrov, Marijan"]
[Result "0-1"]
[WhiteElo "2378"]
[BlackElo "2493"]
[PlyCount "34"]

1. d4 g6 2. e4 Bg7 3. Nc3 d6 4. Be2 Nf6 5. Nf3 O-O 6. O-O c6 7. a4 Nbd7 8. Be3
Qc7 9. Nd2 e5 10. dxe5 Nxe5 11. h3 b6 12. Bg5 Bb7 13. Qe1 Ned7 14. f3 d5 15.
Qh4 Nh5 16. Nd1 h6 17. Be3 d4 0-1

[Event "Superettan(Rockaden,Umea-Upsala)"]
[Site "?"]
[Date "2015.03.22"]
[Round "9"]
[White "Wickstrom, Lucas"]
[Black "Andersson, Fredrik"]
[Result "1/2-1/2"]
[WhiteElo "2338"]
[BlackElo "2270"]
[PlyCount "105"]

1. d4 d5 2. c4 e6 3. Nc3 Be7 4. Bf4 Nf6 5. e3 O-O 6. c5 c6 7. Bd3 b6 8. cxb6
Qxb6 9. Nge2 Nbd7 10. O-O Ba6 11. Na4 Qa5 12. Bxa6 Qxa6 13. a3 c5 14. dxc5 Nxc5
15. Nxc5 Bxc5 16. Nd4 Rfc8 17. b4 Bxd4 18. Qxd4 Rc4 19. Qb2 Rac8 20. b5 Qa5 21.
Be5 Ne8 22. Bd4 Rb8 23. Rab1 f6 24. f4 Nc7 25. Qe2 h6 26. Qg4 Kh7 27. Qh5 Rxb5
28. Bxf6 Rxb1 29. Rxb1 Qd2 30. Bd4 Nb5 31. f5 Rc1+ 32. Rxc1 Qxc1+ 33. Kf2 Qc2+
34. Kg3 exf5 35. h3 Nxd4 36. exd4 Qe4 37. Qf7 a5 38. a4 Qe3+ 39. Kh2 Qf4+ 40.
Kh1 Qe4 41. Kh2 f4 42. Kh1 Qe1+ 43. Kh2 Qg3+ 44. Kh1 Qg5 45. Kh2 h5 46. Kh1 h4
47. Qc7 Qf5 48. Qe7 Qf6 49. Qxf6 gxf6 50. Kg1 Kg6 51. Kf2 Kg5 52. Ke2 Kg6 53.
Kf2 1/2-1/2

[Event "Superettan(Rockaden,Umea-Upsala)"]
[Site "?"]
[Date "2015.03.22"]
[Round "9"]
[White "Malm Lindberg, Henrik"]
[Black "Forsberg, Viktor"]
[Result "0-1"]
[WhiteElo "2275"]
[BlackElo "2356"]
[PlyCount "130"]

1. e4 e5 2. Nf3 Nc6 3. Bb5 Bc5 4. c3 Nf6 5. d4 Bb6 6. O-O O-O 7. Bg5 h6 8. Bh4
d6 9. Re1 Bd7 10. Na3 Re8 11. Nc4 exd4 12. cxd4 Ne7 13. Bxd7 Nxd7 14. Ne3 Nf8
15. Bxe7 Qxe7 16. Nf5 Qd7 17. Qd3 Ng6 18. h3 a5 19. a4 Ne7 20. N3h4 Nxf5 21.
Nxf5 Qd8 22. Re3 Kh7 23. Rf3 g6 24. Ne3 Kg7 25. Re1 c6 26. Ng4 h5 27. Ne3 Bc7
28. Qb3 Qd7 29. Qd3 Qe6 30. Nc4 d5 31. Nd2 dxe4 32. Rxe4 Qd5 33. Rfe3 Rxe4 34.
Rxe4 Rd8 35. Qe3 Bb6 36. Nf3 Kg8 37. Re5 Qd6 38. Qh6 Bxd4 39. Ng5 Qf6 40. Qh7+
Kf8 41. Qh6+ Qg7 42. Qxg7+ Kxg7 43. Re2 Bf6 44. Ne4 Rd1+ 45. Kh2 Be7 46. g4
hxg4 47. hxg4 Rd4 48. b3 Rb4 49. Re3 b5 50. axb5 cxb5 51. Kg2 Kf8 52. g5 a4 53.
bxa4 bxa4 54. Nf6 Bxf6 55. gxf6 Rf4 56. Ra3 Kg8 57. Kf1 g5 58. Rg3 Rf5 59. Ke2
Ra5 60. Ra3 Kh7 61. Kd3 Kg6 62. Kc4 Kxf6 63. Kb4 Rf5 64. f3 Rf4+ 65. Kb5 Kg6
0-1

[Event "Superettan(Rockaden,Umea-Upsala)"]
[Site "?"]
[Date "2015.03.22"]
[Round "9"]
[White "Malmstig, Erik"]
[Black "Glimbrant, Torbjorn"]
[Result "1-0"]
[WhiteElo "2253"]
[BlackElo "2242"]
[PlyCount "153"]

1. d4 d5 2. Nf3 Nf6 3. c4 dxc4 4. Nc3 e6 5. e3 c5 6. Bxc4 a6 7. a4 Nc6 8. O-O
Be7 9. Qe2 cxd4 10. Rd1 e5 11. exd4 exd4 12. Nxd4 Nxd4 13. Qe3 O-O 14. Rxd4 Qc7
15. Qd3 Rd8 16. Bd5 Be6 17. Bxe6 fxe6 18. Rxd8+ Rxd8 19. Qe2 Qd7 20. Bg5 Nd5
21. Nxd5 Bxg5 22. Nc3 Bf6 23. Ne4 Qd4 24. Rb1 h6 25. g3 Qe5 26. Qc4 Kh8 27. b3
Be7 28. Re1 a5 29. h4 Bb4 30. Re3 Rd1+ 31. Kh2 Qd5 32. Qc8+ Kh7 33. Qc2 Kh8 34.
Qc8+ Kh7 35. Qc2 Kh8 36. Qc8+ Kh7 37. Qc7 Qd7 38. Qf4 Rd5 39. Qg4 Rf5 40. Qe2
Qf7 41. Qc2 Kh8 42. Kg2 Qd7 43. g4 Rd5 44. Ng3 Rd4 45. Qg6 Qd5+ 46. Kh3 e5 47.
Qe8+ Kh7 48. Qxe5 Qxe5 49. Rxe5 b6 50. Re4 Rd3 51. Re3 Rd2 52. Ne4 Rb2 53. Kg3
Bc5 54. Nxc5 bxc5 55. Rc3 h5 56. g5 Kg6 57. f3 Kf7 58. Rxc5 Rxb3 59. Rxa5 Ra3
60. Ra7+ Kg6 61. Kf4 Ra1 62. Ra6+ Kh7 63. Kf5 Rf1 64. f4 Rc1 65. Re6 Rc5+ 66.
Re5 Rc4 67. a5 Ra4 68. Rb5 Ra3 69. Ke6 Ra4 70. f5 Re4+ 71. Kf7 Rxh4 72. f6 Rf4
73. a6 Rc4 74. Rb7 gxf6 75. g6+ Kh6 76. g7 Rg4 77. g8=Q 1-0

[Event "Superettan(Rockaden,Umea-Upsala)"]
[Site "?"]
[Date "2015.03.22"]
[Round "9"]
[White "Burwick, Malte"]
[Black "Eriksson, Jorgen"]
[Result "1/2-1/2"]
[WhiteElo "2231"]
[BlackElo "2210"]
[PlyCount "33"]

1. Nf3 Nf6 2. g3 g6 3. Bg2 Bg7 4. O-O O-O 5. c4 d6 6. Nc3 Nc6 7. a3 Be6 8. d3
Qc8 9. Rb1 Bh3 10. Nd5 Bxg2 11. Nxf6+ exf6 12. Kxg2 f5 13. b4 Re8 14. e3 a6 15.
Qc2 Ne5 16. Nxe5 Bxe5 17. Bb2 1/2-1/2

[Event "Superettan(Rockaden,Umea-Upsala)"]
[Site "?"]
[Date "2015.03.22"]
[Round "9"]
[White "Lindgren, Fredrik"]
[Black "Johansson, Thomas"]
[Result "0-1"]
[WhiteElo "2239"]
[BlackElo "2208"]
[PlyCount "122"]

1. d4 Nf6 2. Nf3 d5 3. c4 c6 4. e3 a6 5. Bd3 g6 6. O-O Bg7 7. Nbd2 O-O 8. b3
Bg4 9. h3 Bxf3 10. Qxf3 Nbd7 11. Bb2 Re8 12. cxd5 cxd5 13. Rfc1 Qa5 14. Qe2
Rec8 15. a3 e6 16. Nf3 Ne4 17. b4 Qd8 18. Bxe4 dxe4 19. Nd2 Nf6 20. a4 Bf8 21.
b5 axb5 22. Qxb5 Qd5 23. Rab1 Qxb5 24. axb5 Bb4 25. Nc4 Nd5 26. Kh2 Rc7 27. Ne5
Rac8 28. Nd7 f6 29. Nc5 Bxc5 30. dxc5 Rxc5 31. Rxc5 Rxc5 32. Bd4 Rc2 33. Ra1 e5
34. Ba7 Kf7 35. Ra4 f5 36. Bb8 Rb2 37. Bxe5 Rxb5 38. Bd4 h5 39. Ra8 Ne7 40. Rh8
Nc6 41. Rh7+ Ke6 42. Bh8 Ne7 43. Bd4 Rd5 44. Kg3 Rd7 45. Rg7 b5 46. f3 exf3 47.
Kxf3 b4 48. Rh7 b3 49. Rh8 Nc6 50. Re8+ Re7 51. Rxe7+ Kxe7 52. Bc3 Ke6 53. Kf4
Na5 54. e4 fxe4 55. Kxe4 Nc4 56. Kf4 b2 57. Bxb2 Nxb2 58. Kg5 Kf7 59. h4 Kg7
60. g4 hxg4 61. Kxg4 Kh6 0-1

[Event "Superettan(Rockaden,Umea-Upsala)"]
[Site "?"]
[Date "2015.03.22"]
[Round "9"]
[White "Cederberg, Karl Olof"]
[Black "Mardell, Jimmy"]
[Result "0-1"]
[WhiteElo "2189"]
[BlackElo "2131"]
[PlyCount "90"]

1. Nf3 Nf6 2. d4 e6 3. Bg5 h6 4. Bxf6 Qxf6 5. e4 d6 6. Nc3 Nd7 7. Qd2 c6 8. d5
e5 9. a4 a5 10. Bc4 Be7 11. O-O O-O 12. Ne1 g5 13. Nd3 Bd8 14. Nd1 Nb6 15. Bb3
cxd5 16. exd5 e4 17. Nc1 Qe5 18. f3 exf3 19. Rxf3 Nd7 20. Nd3 Bb6+ 21. Ne3 Qg7
22. Kh1 Nf6 23. Nc4 Bc7 24. Nf2 Re8 25. Re1 Bd7 26. Rxe8+ Rxe8 27. Re3 Rxe3 28.
Nxe3 Qg6 29. Qd4 Bd8 30. g3 Qh5 31. Kg2 Qe2 32. c4 Bh3+ 33. Kxh3 Qxf2 34. Bd1
h5 35. g4 Nxg4 36. Bxg4 hxg4+ 37. Qxg4 Qxe3+ 38. Kg2 Bf6 39. Qc8+ Kg7 40. Qxb7
Qd2+ 41. Kf3 Qxb2 42. Qc7 Qb4 43. Qc6 Kg6 44. h3 Be5 45. Kg4 Qc3 0-1

[Event "Superettan(Rockaden,Umea-Upsala)"]
[Site "?"]
[Date "2015.03.22"]
[Round "9"]
[White "Nygren, David"]
[Black "Marttala, Thomas"]
[Result "0-1"]
[WhiteElo "2194"]
[BlackElo "2146"]
[PlyCount "80"]

1. e4 c5 2. c3 e6 3. d4 d5 4. exd5 exd5 5. Be3 cxd4 6. Bxd4 a6 7. Nf3 Nc6 8.
Be2 Nxd4 9. Qxd4 Nf6 10. O-O Be7 11. Nbd2 O-O 12. Ne5 Qc7 13. Ndf3 Re8 14. Nd3
Bd6 15. Nc1 Bg4 16. h3 Bh5 17. Qd1 Rad8 18. Nd4 Bg6 19. Ncb3 Re7 20. Bg4 Nxg4
21. Qxg4 Re4 22. Qf3 Rde8 23. Nd2 R4e5 24. Rac1 Be4 25. Nxe4 dxe4 26. Qg4 h5
27. Qe2 g6 28. f4 Ra5 29. b4 Rd5 30. Qe3 f5 31. g3 Qc4 32. Rfd1 Bc7 33. Nb3
Red8 34. Rxd5 Rxd5 35. Qa7 Qd3 36. Qa8+ Rd8 37. Qxb7 Qxg3+ 38. Kf1 Qxf4+ 39.
Ke1 Qe3+ 40. Kf1 Bg3 0-1

[Event "Superettan(Rockaden,Sthlm II-Manhem)"]
[Site "?"]
[Date "2015.03.22"]
[Round "9"]
[White "Hultin, Johan"]
[Black "Hedman, Erik"]
[Result "1-0"]
[WhiteElo "2359"]
[BlackElo "2375"]
[PlyCount "63"]

1. d4 Nf6 2. c4 c5 3. d5 e6 4. Nc3 exd5 5. cxd5 d6 6. Nf3 g6 7. e4 Bg7 8. h3
O-O 9. Bd3 a6 10. a4 Nbd7 11. O-O Re8 12. Bf4 Qe7 13. Re1 Nh5 14. Bg5 Qf8 15.
Nd2 Bh6 16. Bxh6 Qxh6 17. Nc4 Qf4 18. e5 Nxe5 19. Nxd6 Bxh3 20. Nxe8 Rxe8 21.
Re3 Bd7 22. g3 Qh6 23. Qe2 Nf6 24. Rxe5 Rxe5 25. Qxe5 Ng4 26. Qb8+ Kg7 27. Nd1
Qh2+ 28. Kf1 Qh1+ 29. Ke2 c4 30. Bc2 Qxd5 31. Qf4 Nf6 32. Ne3 1-0

[Event "Superettan(Rockaden,Sthlm II-Manhem)"]
[Site "?"]
[Date "2015.03.22"]
[Round "9"]
[White "Nikolic, Vladan"]
[Black "Moberg, Karl Johan"]
[Result "1/2-1/2"]
[WhiteElo "2046"]
[BlackElo "2302"]
[PlyCount "65"]

1. Nf3 Nf6 2. c4 g6 3. Nc3 d5 4. d4 Bg7 5. Bg5 Ne4 6. cxd5 Nxg5 7. Nxg5 e6 8.
Nf3 exd5 9. b4 Qd6 10. Qb3 Nc6 11. e3 Qxb4 12. Qxb4 Nxb4 13. Kd2 Bf5 14. Nh4
Be6 15. Rb1 c5 16. dxc5 Nc6 17. Nb5 O-O 18. Nf3 b6 19. Nc7 Rab8 20. cxb6 Rxb6
21. Rxb6 axb6 22. Bb5 Ne7 23. Nxe6 fxe6 24. Rc1 e5 25. Rc7 e4 26. Rxe7 exf3 27.
gxf3 Rxf3 28. Ke2 Rf7 29. Re8+ Rf8 30. Re6 Rf6 31. Re8+ Rf8 32. Re6 Rf6 33.
Re8+ 1/2-1/2

[Event "Superettan(Rockaden,Sthlm II-Manhem)"]
[Site "?"]
[Date "2015.03.22"]
[Round "9"]
[White "Al Hadarani, Hatim"]
[Black "Bryntze, Stefan"]
[Result "1/2-1/2"]
[WhiteElo "2261"]
[BlackElo "2195"]
[PlyCount "94"]

1. d4 e6 2. Nf3 f5 3. g3 b6 4. Bg2 Bb7 5. O-O Nf6 6. c4 Be7 7. Nc3 Bb4 8. Qb3
Bxc3 9. bxc3 Nc6 10. Ba3 Na5 11. Qa4 Ne4 12. Rac1 c5 13. Ne5 O-O 14. dxc5 Qc7
15. Nd3 bxc5 16. Bxe4 fxe4 17. Nxc5 Bc6 18. Qb4 Rf5 19. Rb1 h5 20. Nb3 Rb8 21.
Qd6 Qxd6 22. Bxd6 Rc8 23. Nd4 Rf7 24. Rb4 Nb7 25. Nxc6 Nxd6 26. Ne5 Rf5 27. Rd1
e3 28. f4 a5 29. Ra4 Ne4 30. Rxd7 Nc5 31. Ra3 Rxe5 32. Rd4 Rf5 33. Rxa5 Rb8 34.
Kg2 Nb3 35. Rxf5 Nxd4 36. Rxh5 Nxe2 37. Kf3 Nxc3 38. Kxe3 Nxa2 39. Ra5 Rb2 40.
h4 Nb4 41. g4 Rc2 42. Rc5 Kf7 43. h5 Ke7 44. Rc7+ Kf8 45. Rc8+ Ke7 46. Rc7+ Kf8
47. Rc8+ Ke7 1/2-1/2